DO YOU KNOW YOUR PRESIDENT - Statistics

General Stats
  • This quiz has been taken 18 times
  • The average score is 5 of 16
Answer Stats
Hint Answer % Correct
How many children has he got 5
87%
What is his middle name John
87%
What country did his father originate from Germany
80%
What is the name of his current wife called Melania
73%
When was he born 1946
53%
At what age 30
40%
What country did his mother originate from Scotland
40%
What year did he first get married 1977
27%
what year did Trump tower open 1983
20%
Where was he born Queens
20%
What was the first Univesit he attended Fordham
7%
What video game is Trump tower on the cover of GTA
7%
Where did he give his victory speech on becoming president New York Hilton
7%
Who did he marry Ivana Zelnickova
0%
What University did he transfer to from there Pennsylvania
0%
What did he study there Real estate
0%
No matching quizzes found
Score Distribution
Percent of People with Each Score
Percentile by Number Answered
Your Score History
You have not taken this quiz